[Event "7th Washington Open 2018"]
[Site "Rockville"]
[Date "2018.08.13"]
[Round "6.6"]
[White "Tang, Andrew"]
[Black "Azarov, Sergei Nikolaevich"]
[Result "1/2-1/2"]
[WhiteElo "2490"]
[BlackElo "2574"]
[Annotator "ChessBase"]
[PlyCount "89"]
[EventDate "2018.08.11"]
[EventType "swiss"]
[EventCountry "USA"]
[SourceTitle "playchess.com"]
[Source "ChessBase"]
[SourceQuality "1"]
[TimeControl "40/5400+30:1200+30"]

1. d4 {[%emt 0:00:00]} d5 {[%emt 0:00:00]} 2. Bf4 {[%emt 0:00:00]} Nf6 {[%emt 0:02:45]} 3. e3 {[%emt 0:00:00]} c5 {[%emt 0:03:02]} 4. Nc3 {[%emt 0:02:06]} cxd4 {[%emt 0:07:31]} 5. exd4 {[%emt 0:02:10]} a6 {[%emt 0:00:35]} 6. Nf3 {[%emt 0:00:35]} Bg4 {[%emt 0:00:56]} 7. h3 {[%emt 0:00:28]} Bxf3 {[%emt 0:00:50]} 8. Qxf3 {[%emt 0:00:07]} Nc6 {[%emt 0:00:29]} 9. O-O-O {[%emt 0:00:45]} e6 {[%emt 0:04:40]} 10. g4 {[%emt 0:00:28]} Bd6 {[%emt 0:01:23]} 11. h4 {[%emt 0:13:06]} Bxf4+ {[%emt 0:17:51]} 12. Qxf4 {[%emt 0:00:07]} Rc8 {[%emt 0:00:14]} 13. Kb1 {[%emt 0:12:35]} Qc7 {[%emt 0:10:58]} 14. Qf3 {[%emt 0:25:12]} Na5 {[%emt 0:01:26]} 15. Bd3 {[%emt 0:01:17]} Nc4 {[%emt 0:02:01]} 16. Bxc4 {[%emt 0:01:46]} Qxc4 {[%emt 0:00:11]} 17. Rd2 {[%emt 0:01:21]} b5 {[%emt 0:11:49]} 18. g5 {[%emt 0:13:27]} b4 {[%emt 0:00:35]} 19. gxf6 {[%emt 0:00:50]} bxc3 {[%emt 0:00:07]} 20. b3 {[%emt 0:01:09]} Qb4 {[%emt 0:00:52]} 21. fxg7 {[%emt 0:01:25]} Rg8 {[%emt 0:00:07]} 22. Rd3 {[%emt 0:00:04]} Rxg7 {[%emt 0:00:10]} 23. a3 {[%emt 0:03:18]} Qxa3 {[%emt 0:07:22]} 24. Rxc3 {[%emt 0:00:10]} Rxc3 {[%emt 0:01:18]} 25. Qxc3 {[%emt 0:00:04]} Qd6 {[%emt 0:00:32]} 26. Qf3 {[%emt 0:05:58]} Ke7 {[%emt 0:04:48]} 27. Kb2 {[%emt 0:01:14]} Qb6 {[%emt 0:01:29]} 28. Qf4 {[%emt 0:02:33]} h5 {[%emt 0:01:17]} 29. Rd1 {[%emt 0:01:55]} a5 {[%emt 0:02:24]} 30. Qe5 {[%emt 0:02:05]} Rg8 {[%emt 0:03:52]} 31. Qxh5 {[%emt 0:04:57]} a4 {[%emt 0:00:25]} 32. Qf3 {[%emt 0:00:11]} Qb4 {[%emt 0:02:34]} 33. Qe3 {[%emt 0:01:06]} Rg4 {[%emt 0:05:09]} 34. h5 {[%emt 0:01:08]} Re4 {[%emt 0:00:56]} 35. Qd3 {[%emt 0:01:04]} Rh4 {[%emt 0:03:16]} 36. Qg3 {[%emt 0:01:30]} Rxh5 {[%emt 0:02:53]} 37. Qc7+ {[%emt 0:00:11]} Ke8 {[%emt 0:00:08]} 38. Qc6+ {[%emt 0:01:14]} Ke7 {[%emt 0:00:21]} 39. Qxa4 {[%emt 0:00:16]} Qxa4 {[%emt 0:00:23]} 40. bxa4 {[%emt 0:00:04]} Kd6 {[%emt 0:00:54]} 41. Kb3 {[%emt 0:21:48]} Rf5 {[%emt 0:02:22]} 42. Rd2 {[%emt 0:00:00]} Kc6 {[%emt 0:01:53]} 43. Kb4 {[%emt 0:00:00]} Kb6 {[%emt 0:01:47]} 44. c3 {[%emt 0:00:00]} Rf3 {[%emt 0:00:51]} 45. Rb2 {[%emt 0:00:00]} 1/2-1/2

[Event "7th Washington Open 2018"]
[Site "Rockville"]
[Date "2018.08.13"]
[Round "6.7"]
[White "Gonzalez Vidal, Yuri"]
[Black "Becerra Rivero, Julio"]
[Result "1/2-1/2"]
[WhiteElo "2559"]
[BlackElo "2529"]
[Annotator "ChessBase"]
[PlyCount "34"]
[EventDate "2018.08.11"]
[EventType "swiss"]
[EventCountry "USA"]
[SourceTitle "playchess.com"]
[Source "ChessBase"]
[SourceQuality "1"]
[TimeControl "40/5400+30:1200+30"]

1. e4 {[%emt 0:00:05]} e5 {[%emt 0:00:00]} 2. Nf3 {[%emt 0:00:10]} Nc6 {[%emt 0:00:00]} 3. Bb5 {[%emt 0:00:35]} a6 {[%emt 0:00:00]} 4. Ba4 {[%emt 0:00:10]} Nf6 {[%emt 0:00:00]} 5. O-O {[%emt 0:00:21]} Be7 {[%emt 0:00:21]} 6. Re1 {[%emt 0:00:29]} b5 {[%emt 0:00:25]} 7. Bb3 {[%emt 0:00:08]} d6 {[%emt 0:00:11]} 8. c3 {[%emt 0:00:15]} O-O {[%emt 0:00:17]} 9. h3 {[%emt 0:00:24]} Na5 {[%emt 0:00:23]} 10. Bc2 {[%emt 0:00:07]} c5 {[%emt 0:00:11]} 11. d4 {[%emt 0:00:21]} Nd7 {[%emt 0:00:16]} 12. dxc5 {[%emt 0:00:46]} dxc5 {[%emt 0:00:11]} 13. Nbd2 {[%emt 0:00:17]} Bb7 {[%emt 0:00:34]} 14. Qe2 {[%emt 0:00:26]} Qc7 {[%emt 0:00:25]} 15. Nf1 {[%emt 0:01:11]} Nc4 {[%emt 0:00:09]} 16. Ng3 {[%emt 0:01:20]} Nd6 {[%emt 0:00:07]} 17. Bd2 {[%emt 0:01:23]} c4 {[%emt 0:21:01]} 1/2-1/2

[Event "7th Washington Open 2018"]
[Site "Rockville"]
[Date "2018.08.13"]
[Round "6.8"]
[White "Ortiz Suarez, Isan Reynaldo"]
[Black "Panchanathan, Magesh Chandran"]
[Result "1/2-1/2"]
[WhiteElo "2549"]
[BlackElo "2486"]
[Annotator "ChessBase"]
[PlyCount "73"]
[EventDate "2018.08.11"]
[EventType "swiss"]
[EventCountry "USA"]
[SourceTitle "playchess.com"]
[Source "ChessBase"]
[SourceQuality "1"]
[TimeControl "40/5400+30:1200+30"]

1. Nf3 {[%emt 0:01:49]} Nf6 {[%emt 0:06:01]} 2. g3 {[%emt 0:00:10]} e6 {[%emt 0:01:00]} 3. Bg2 {[%emt 0:00:17]} d5 {[%emt 0:00:11]} 4. O-O {[%emt 0:01:31]} Be7 {[%emt 0:01:01]} 5. d4 {[%emt 0:00:29]} b5 {[%emt 0:02:46]} 6. Nbd2 {[%emt 0:03:08]} O-O {[%emt 0:02:27]} 7. Ne5 {[%emt 0:04:27]} Nfd7 {[%emt 0:01:10]} 8. Nd3 {[%emt 0:03:08]} Bb7 {[%emt 0:20:56]} 9. e4 {[%emt 0:01:48]} Nf6 {[%emt 0:00:16]} 10. e5 {[%emt 0:03:06]} Nfd7 {[%emt 0:01:06]} 11. Qg4 {[%emt 0:01:10]} Kh8 {[%emt 0:06:38]} 12. Nf3 {[%emt 0:01:54]} c5 {[%emt 0:01:06]} 13. c3 {[%emt 0:14:20]} Nc6 {[%emt 0:00:33]} 14. h4 {[%emt 0:01:00]} b4 {[%emt 0:03:09]} 15. Rd1 {[%emt 0:01:31]} Ba6 {[%emt 0:15:14]} 16. Nf4 {[%emt 0:01:22]} Rc8 {[%emt 0:09:01]} 17. Be3 {[%emt 0:06:34]} Qe8 {[%emt 0:02:49]} 18. Bh3 {[%emt 0:11:27]} Rc7 {[%emt 0:02:20]} 19. Ng5 {[%emt 0:00:58]} Bxg5 {[%emt 0:15:05]} 20. hxg5 {[%emt 0:00:15]} Ne7 {[%emt 0:00:36]} 21. Qh5 {[%emt 0:02:01]} cxd4 {[%emt 0:02:32]} 22. cxd4 {[%emt 0:02:06]} Rc2 {[%emt 0:00:06]} 23. Rd2 {[%emt 0:10:29]} Qc8 {[%emt 0:00:06]} 24. Kg2 {[%emt 0:03:28]} g6 {[%emt 0:02:53]} 25. Qd1 {[%emt 0:08:10]} Rc6 {[%emt 0:00:15]} 26. Qe1 {[%emt 0:04:38]} Qb7 {[%emt 0:00:25]} 27. b3 {[%emt 0:00:48]} Nxe5 {[%emt 0:01:24]} 28. dxe5 {[%emt 0:00:47]} d4 {[%emt 0:00:03]} 29. Kh2 {[%emt 0:00:05]} dxe3 {[%emt 0:00:25]} 30. Qxe3 {[%emt 0:00:03]} Rc3 {[%emt 0:01:04]} 31. Qe1 {[%emt 0:04:50]} Bb5 {[%emt 0:00:38]} 32. Rad1 {[%emt 0:00:50]} Qc8 {[%emt 0:01:39]} 33. Ne2 {[%emt 0:02:11]} Bxe2 {[%emt 0:00:31]} 34. Qxe2 {[%emt 0:00:10]} Qc5 {[%emt 0:00:32]} 35. Bg2 {[%emt 0:03:11]} Kg7 {[%emt 0:00:17]} 36. Qe4 {[%emt 0:00:37]} Nc6 {[%emt 0:01:02]} 37. Qxc6 {[%emt 0:02:44]} 1/2-1/2

[Event "7th Washington Open 2018"]
[Site "Rockville"]
[Date "2018.08.13"]
[Round "6.9"]
[White "Hevia Alejano, Carlos Antonio"]
[Black "Sevian, Samuel"]
[Result "0-1"]
[WhiteElo "2486"]
[BlackElo "2645"]
[Annotator "TA"]
[PlyCount "72"]
[EventDate "2018.08.11"]
[EventType "swiss"]
[EventCountry "USA"]
[SourceTitle "playchess.com"]
[Source "ChessBase"]
[SourceQuality "1"]

{[%evp 19,72,26,27,9,37,34,34,20,31,0,0,0,0,0,0,15,36,0,7,0,0,0,0,-67,-72,-102,-89,-106,-50,-144,-168,-166,-159,-158,-169,-149,-156,-527,-511,-470,-497,-29982,-29983,-29982,-29984,-29984,-1402,-29985,-29986,-29986,-29987,-29987,-29985,-29985,-29987]} 1. e4 e5 2. Nf3 Nc6 3. Bb5 a6 4. Ba4 Nf6 5. O-O d6 6. Re1 Bd7 7. c3 g6 8. d4 Bg7 9. d5 Ne7 10. Bc2 O-O 11. c4 {C76: Ruy Lopez: Deferred Steinitz: 5 c3 Bd7 6 d4 g6} h6 12. Nc3 Nh7 13. Nd2 $146 {White is slightly better.} ({Predecessor:} 13. a4 f5 14. exf5 gxf5 15. Ra3 Ng6 16. Ne2 {1-0 (32) Gabrielian,A (2555)-Yandemirov,V (2378) Moscow 2014}) 13... f5 14. exf5 gxf5 15. a4 Ng6 16. Ra3 Ng5 17. Ne2 Rf7 18. Rf1 c6 19. Kh1 cxd5 20. cxd5 Rc8 21. f4 (21. Rc3 $11) 21... exf4 $15 22. Nf3 Be5 23. Ne1 {[%cal Re2f4]} Rc4 $36 {[%mdl 2048] Black has some pressure.} ({Black should try} 23... Qf6 $17 24. Nxf4 Nxf4 25. Bxf4 Bxf4 26. Rxf4 Re7) 24. Nd3 {[#]} (24. Bb3 $15 Rc8 25. Nd3) 24... f3 $1 $17 {[%cal Rf3e2][%mdl 512]} 25. gxf3 Bxh2 $1 26. Kxh2 Rg7 $1 {Strongly threatening ...Ne4.} ({Not} 26... Rh4+ 27. Kg2 $14) 27. f4 Ne4 28. Ne1 $2 {[#]} (28. Rf3 $17 {was the crucial defense.} Qh4+ 29. Rh3) 28... Ne5 $1 $19 {[%mdl 512]} 29. fxe5 {[#]} Nf2 $1 {( -> ...Qh4+)} 30. Qd3 (30. Rxf2 {gets mated.} Qh4+ 31. Rh3 Qxf2+ 32. Kh1 Rh4 33. Qd3 Qxe1+ 34. Kh2 Qf2+ 35. Kh1 Qg2#) (30. Ng2 $19 Rh4+ 31. Kg1 Nxd1 32. Bxd1 dxe5 33. Rg3 Rxg3 34. Nxg3) 30... Rh4+ 31. Qh3 Nxh3 32. Rxh3 Rxh3+ 33. Kxh3 f4+ {Black mates.} 34. e6 Qg5 {[%cal Rg5h5]} 35. Rxf4 Qh5+ 36. Rh4 Qxe2 {Precision: White = 32%, Black = 83%.} 0-1

[Event "7th Washington Open 2018"]
[Site "Rockville"]
[Date "2018.08.14"]
[Round "7"]
[White "Sevian, Samuel"]
[Black "Brodsky, David"]
[Result "1/2-1/2"]
[WhiteElo "2645"]
[BlackElo "2402"]
[Annotator "TA"]
[PlyCount "93"]
[EventDate "2018.08.11"]
[EventType "swiss"]
[EventCountry "USA"]
[SourceTitle "playchess.com"]
[Source "ChessBase"]
[SourceQuality "1"]

{[%evp 15,93,7,38,16,24,0,13,-72,-24,-79,-31,-106,-37,-90,-108,-97,8,-30,0,0,32,20,35,27,39,23,23,27,26,23,29,28,34,0,2,0,0,6,7,0,0,0,0,0,0,0,19,10,102,58,47,10,7,0,0,0,70,0,10,0,0,-35,-34,-35,0,0,0,-20,0,0,13,0,20,8,31,0,28,0,27,0]} 1. e4 c6 2. d4 d5 3. e5 Bf5 4. Nf3 e6 5. Be2 Ne7 6. c3 Nd7 7. O-O h6 8. Na3 Qc7 {LiveBook: 5 Games. B12: Caro-Kann: Advance Variation} 9. b3 g5 10. Ne1 $146 ({Predecessor:} 10. c4 a6 11. Nc2 dxc4 12. bxc4 O-O-O 13. Bb2 Bg7 14. Qc1 c5 15. d5 exd5 16. cxd5 Nxd5 {½-½ (51) Sevian,S (2624)-Le,Q (2728) Philadelphia 2018}) 10... O-O-O {The position is equal.} 11. Bb2 (11. Bd3 $11) 11... Bg7 12. Rc1 (12. Nac2 $11) 12... Kb8 13. b4 (13. Nac2 $15) 13... a6 (13... f6 $17 14. exf6 Bxf6) 14. Nd3 (14. Nac2 $15) 14... f6 $17 15. exf6 Bxf6 (15... Nxf6 $17 16. Nc2 Nd7) 16. c4 dxc4 17. Nxc4 Nd5 18. Qb3 Bxd3 19. Bxd3 Nf4 20. Rfd1 Nxd3 21. Rxd3 Nb6 22. Nxb6 Qxb6 23. Qxe6 Qb5 24. Qb3 Rhe8 25. Re3 Rxe3 26. fxe3 {Threatening Qe6.} Be7 27. Bc3 Rf8 28. Qd1 Bd6 29. a4 Qf5 30. Qe2 g4 31. Be1 Qd5 (31... h5 $11 {keeps the balance.}) 32. Qd3 Re8 33. Rb1 Qa2 34. e4 {[%cal Be3e4,Be4e5][%mdl 32]} (34. Qb3 {looks sharper.} Qe2 35. b5 cxb5 36. axb5 a5 37. b6) 34... Qxa4 35. e5 Bc7 ({Black should play} 35... Be7 $1 $11) 36. Bf2 ({Better is} 36. Qg6 $14 Rd8 37. e6 (37. Qxg4 Qc2 $15)) 36... Qa2 $11 37. Re1 Qe6 38. Be3 Bd8 39. Qh7 Bg5 40. Bxg5 hxg5 {[%mdl 4096] Endgame KQR-KQR} 41. Qe4 g3 42. hxg3 Rh8 43. Qf3 Qd7 44. Re4 Qe6 45. Re1 Qd7 46. Qe4 Qe6 47. Qf3 {Precision: White = 31%, Black = 49%.} 1/2-1/2

[Event "7th Washington Open 2018"]
[Site "Rockville"]
[Date "2018.08.14"]
[Round "7"]
[White "Stukopin, Andrey"]
[Black "Vidal, Yuri Gonzal"]
[Result "1-0"]
[WhiteElo "2598"]
[BlackElo "2559"]
[Annotator "ChessBase"]
[PlyCount "57"]
[EventDate "2018.08.11"]
[EventType "swiss"]
[EventCountry "USA"]
[SourceTitle "playchess.com"]
[Source "ChessBase"]
[SourceQuality "1"]
[TimeControl "40/5400+30:1200+30"]

1. e4 {[%emt 0:06:15]} e5 {[%emt 0:00:00]} 2. Nf3 {[%emt 0:00:11]} Nc6 {[%emt 0:00:07]} 3. Bc4 {[%emt 0:00:07]} Bc5 {[%emt 0:00:11]} 4. O-O {[%emt 0:01:37]} Nf6 {[%emt 0:00:09]} 5. d3 {[%emt 0:00:04]} O-O {[%emt 0:00:13]} 6. h3 {[%emt 0:00:04]} d6 {[%emt 0:00:41]} 7. c3 {[%emt 0:01:42]} a6 {[%emt 0:02:29]} 8. a4 {[%emt 0:01:50]} h6 {[%emt 0:01:23]} 9. Re1 {[%emt 0:11:04]} Ba7 {[%emt 0:01:19]} 10. Nbd2 {[%emt 0:06:28]} Ne7 {[%emt 0:10:35]} 11. Nf1 {[%emt 0:01:07]} Ng6 {[%emt 0:03:43]} 12. Ng3 {[%emt 0:11:32]} c6 {[%emt 0:02:30]} 13. Bb3 {[%emt 0:08:16]} Re8 {[%emt 0:20:45]} 14. d4 {[%emt 0:00:26]} Be6 {[%emt 0:00:24]} 15. Bc2 {[%emt 0:06:35]} Qc7 {[%emt 0:01:09]} 16. Be3 {[%emt 0:02:11]} Rad8 {[%emt 0:04:37]} 17. Qc1 {[%emt 0:06:24]} a5 {[%emt 0:05:21]} 18. Nf5 {[%emt 0:08:51]} Bxf5 {[%emt 0:08:20]} 19. exf5 {[%emt 0:00:05]} Nf8 {[%emt 0:04:32]} 20. Bxh6 {[%emt 0:02:27]} gxh6 {[%emt 0:04:59]} 21. Qxh6 {[%emt 0:01:48]} Qe7 {[%emt 0:12:50]} 22. Re3 {[%emt 0:11:15]} N8h7 {[%emt 0:02:56]} 23. Ng5 {[%emt 0:00:10]} Qf8 {[%emt 0:01:39]} 24. Qh4 {[%emt 0:00:03]} Nxg5 {[%emt 0:04:04]} 25. Qxg5+ {[%emt 0:07:23]} Qg7 {[%emt 0:00:16]} 26. Qh4 {[%emt 0:00:03]} exd4 {[%emt 0:05:26]} 27. Rg3 {[%emt 0:00:04]} Qxg3 {[%emt 0:00:11]} 28. Qxg3+ {[%emt 0:00:14]} Kf8 {[%emt 0:00:04]} 29. Qg5 {[%emt 0:01:04]} 1-0

[Event "7th Washington Open 2018"]
[Site "Rockville"]
[Date "2018.08.14"]
[Round "7"]
[White "Huschenbeth, Niclas"]
[Black "Tang, Andrew"]
[Result "*"]
[WhiteElo "2590"]
[BlackElo "2490"]
[Annotator "TA"]
[PlyCount "46"]
[EventDate "2018.08.11"]
[EventType "swiss"]
[EventCountry "USA"]
[SourceTitle "playchess.com"]
[Source "ChessBase"]
[SourceQuality "1"]

{[%evp 20,25,41,19,28,35,27,31]} 1. e4 e5 2. Nf3 Nc6 3. Bb5 a6 4. Ba4 Nf6 5. O-O d6 6. Bxc6+ bxc6 7. d4 exd4 8. Nxd4 c5 9. Nc6 {C79: Ruy Lopez: Steinitz-type lines with 3...a6 4 Ba4 Nf6 5 0-0 d6} Qd7 10. Na5 Qa4 11. Bd2 {LiveBook: 4 Games} Be7 ({Much worse is} 11... Nxe4 $6 12. Nc3 $16) (11... Nxe4 12. Nc3 Nxc3 13. Bxc3 Be6 14. Qf3 d5 15. Rfe1 O-O-O 16. b3 Qb5 {½-½ (75) Grischuk,A (2766)-Kramnik,V (2792) Paris 2018}) 12. Re1 Bg4 13. f3 {Predecessor:} Be6 $146 14. Qc1 Nh5 15. c4 Qd7 16. f4 f5 17. Qd1 Nf6 18. exf5 Bxf5 19. h3 O-O 20. g4 Be4 21. Nc3 d5 22. Nxe4 Nxe4 23. cxd5 Nxd2 {½-½ (23) Nogga,U (2472)-Tyulenko,Y (2423) ICCF email 2015} *

[Event "7th Washington Open 2018"]
[Site "Rockville"]
[Date "2018.08.14"]
[Round "7"]
[White "Azarov, Sergei Nikolaevich"]
[Black "Popilski, Gil"]
[Result "1/2-1/2"]
[WhiteElo "2574"]
[BlackElo "2491"]
[Annotator "ChessBase"]
[PlyCount "84"]
[EventDate "2018.08.11"]
[EventType "swiss"]
[EventCountry "USA"]
[SourceTitle "playchess.com"]
[Source "ChessBase"]
[SourceQuality "1"]
[TimeControl "40/5400+30:1200+30"]

1. e4 {[%emt 0:00:00]} e6 {[%emt 0:00:00]} 2. d4 {[%emt 0:00:00]} d5 {[%emt 0:00:00]} 3. Nd2 {[%emt 0:00:21]} a6 {[%emt 0:00:00]} 4. Bd3 {[%emt 0:02:36]} c5 {[%emt 0:00:11]} 5. dxc5 {[%emt 0:00:25]} Bxc5 {[%emt 0:03:04]} 6. Ngf3 {[%emt 0:00:59]} Nc6 {[%emt 0:15:05]} 7. c3 {[%emt 0:01:53]} Nge7 {[%emt 0:14:59]} 8. O-O {[%emt 0:00:44]} O-O {[%emt 0:00:20]} 9. Qe2 {[%emt 0:01:01]} Qc7 {[%emt 0:01:42]} 10. Re1 {[%emt 0:01:40]} Ba7 11. Nb3 {[%emt 0:07:56]} h6 {[%emt 0:12:01]} 12. e5 {[%emt 0:19:56]} f6 {[%emt 0:00:34]} 13. exf6 {[%emt 0:05:58]} Rxf6 {[%emt 0:00:02]} 14. Be3 {[%emt 0:01:34]} Bb8 {[%emt 0:06:34]} 15. Bc5 {[%emt 0:10:38]} Rxf3 {[%emt 0:11:07]} 16. Qxf3 {[%emt 0:04:01]} Qxh2+ {[%emt 0:00:05]} 17. Kf1 {[%emt 0:00:04]} e5 {[%emt 0:00:14]} 18. Bxe7 {[%emt 0:13:10]} Nxe7 {[%emt 0:00:02]} 19. Nd4 {[%emt 0:00:26]} e4 {[%emt 0:12:04]} 20. Rxe4 {[%emt 0:00:15]} dxe4 {[%emt 0:00:22]} 21. Bc4+ {[%emt 0:00:16]} Kh7 {[%emt 0:01:48]} 22. Qxe4+ {[%emt 0:00:13]} Ng6 {[%emt 0:00:13]} 23. Bd3 {[%emt 0:03:49]} Qh1+ {[%emt 0:02:34]} 24. Ke2 {[%emt 0:00:05]} Qh5+ {[%emt 0:00:09]} 25. Nf3 {[%emt 0:00:28]} Qg4 {[%emt 0:04:15]} 26. Kf1 {[%emt 0:01:03]} Qxe4 {[%emt 0:04:01]} 27. Bxe4 {[%emt 0:00:10]} Be6 {[%emt 0:00:25]} 28. Nh4 {[%emt 0:01:06]} Bf7 {[%emt 0:00:14]} 29. Rd1 {[%emt 0:01:03]} Be5 {[%emt 0:00:22]} 30. Rd7 {[%emt 0:01:25]} Bf6 {[%emt 0:00:07]} 31. Rxf7 {[%emt 0:02:13]} Bxh4 {[%emt 0:00:12]} 32. g4 {[%emt 0:02:06]} Re8 {[%emt 0:01:18]} 33. Bf5 {[%emt 0:01:53]} Re5 {[%emt 0:03:59]} 34. Rxb7 {[%emt 0:01:25]} h5 {[%emt 0:00:06]} 35. Rb6 {[%emt 0:01:22]} Bf6 {[%emt 0:00:06]} 36. f4 {[%emt 0:02:45]} Rc5 {[%emt 0:01:19]} 37. Bxg6+ {[%emt 0:02:41]} Kxg6 {[%emt 0:00:02]} 38. g5 {[%emt 0:00:08]} Rf5 {[%emt 0:00:08]} 39. gxf6 {[%emt 0:00:19]} Rxf4+ {[%emt 0:00:02]} 40. Kg2 {[%emt 0:00:31]} Rxf6 {[%emt 0:00:02]} 41. Rxf6+ {[%emt 0:21:22]} Kxf6 {[%emt 0:21:31]} 42. b4 {[%emt 0:00:22]} Ke5 {[%emt 0:00:21]} 1/2-1/2

[Event "7th Washington Open 2018"]
[Site "Rockville"]
[Date "2018.08.14"]
[Round "7"]
[White "Gabuzyan, Hovhannes"]
[Black "Dragun, Kamil"]
[Result "1-0"]
[WhiteElo "2556"]
[BlackElo "2594"]
[Annotator "ChessBase"]
[PlyCount "73"]
[EventDate "2018.08.11"]
[EventType "swiss"]
[EventCountry "USA"]
[SourceTitle "playchess.com"]
[Source "ChessBase"]
[SourceQuality "1"]
[TimeControl "40/5400+30:1200+30"]

1. g3 {[%emt 0:04:37]} g6 {[%emt 0:02:07]} 2. Bg2 {[%emt 0:00:14]} Bg7 {[%emt 0:00:07]} 3. c4 {[%emt 0:00:05]} e5 {[%emt 0:02:39]} 4. Nc3 {[%emt 0:00:14]} d6 {[%emt 0:01:19]} 5. e3 {[%emt 0:00:28]} Nf6 {[%emt 0:03:01]} 6. Nge2 {[%emt 0:00:42]} O-O {[%emt 0:05:26]} 7. O-O {[%emt 0:01:56]} c6 {[%emt 0:00:03]} 8. d4 {[%emt 0:13:36]} Re8 {[%emt 0:00:27]} 9. Qc2 {[%emt 0:00:08]} Na6 {[%emt 0:07:01]} 10. a3 {[%emt 0:01:19]} Nc7 {[%emt 0:08:12]} 11. d5 {[%emt 0:01:08]} cxd5 {[%emt 0:00:53]} 12. cxd5 {[%emt 0:00:18]} Bd7 {[%emt 0:00:39]} 13. e4 {[%emt 0:05:40]} a5 {[%emt 0:17:36]} 14. h3 {[%emt 0:10:34]} b5 {[%emt 0:02:16]} 15. Be3 {[%emt 0:05:17]} Qc8 {[%emt 0:02:12]} 16. Kh2 {[%emt 0:02:29]} b4 {[%emt 0:01:44]} 17. axb4 {[%emt 0:01:42]} axb4 {[%emt 0:00:06]} 18. Na2 {[%emt 0:00:09]} Na6 {[%emt 0:05:01]} 19. Qd2 {[%emt 0:15:31]} Nc5 {[%emt 0:05:41]} 20. Qxb4 {[%emt 0:02:41]} Ra4 {[%emt 0:10:19]} 21. Qe1 {[%emt 0:00:48]} Nb3 {[%emt 0:07:26]} 22. Nec3 {[%emt 0:00:27]} Nxa1 {[%emt 0:00:06]} 23. Nxa4 {[%emt 0:00:39]} Nc2 {[%emt 0:00:04]} 24. Qa5 {[%emt 0:00:05]} Nxe3 {[%emt 0:06:04]} 25. fxe3 {[%emt 0:00:08]} Qc2 {[%emt 0:00:02]} 26. N2c3 {[%emt 0:01:01]} Qd2 {[%emt 0:05:33]} 27. Nb6 {[%emt 0:05:50]} Qxe3 {[%emt 0:04:07]} 28. Nxd7 {[%emt 0:08:07]} Nxd7 {[%emt 0:00:01]} 29. Qc7 {[%emt 0:00:06]} Nf6 {[%emt 0:00:14]} 30. Qxd6 {[%emt 0:00:18]} Nh5 {[%emt 0:00:48]} 31. Rf3 {[%emt 0:00:02]} Qe1 {[%emt 0:00:46]} 32. Qc7 {[%emt 0:01:43]} Rf8 {[%emt 0:00:36]} 33. d6 {[%emt 0:00:50]} Bh6 {[%emt 0:00:31]} 34. Nd5 {[%emt 0:06:20]} Qxe4 {[%emt 0:00:05]} 35. Ne7+ {[%emt 0:00:55]} Kh8 {[%emt 0:00:09]} 36. d7 {[%emt 0:00:06]} Qd4 {[%emt 0:03:30]} 37. Nc6 {[%emt 0:00:09]} 1-0

[Event "7th Washington Open 2018"]
[Site "Rockville"]
[Date "2018.08.14"]
[Round "7"]
[White "Becerra, Julio J"]
[Black "Chandra, Akshat"]
[Result "1/2-1/2"]
[WhiteElo "2529"]
[BlackElo "2487"]
[Annotator "ChessBase"]
[PlyCount "41"]
[EventDate "2018.08.11"]
[EventType "swiss"]
[EventCountry "USA"]
[SourceTitle "playchess.com"]
[Source "ChessBase"]
[SourceQuality "1"]
[TimeControl "40/5400+30:1200+30"]

1. e4 {[%emt 0:04:44]} e5 {[%emt 0:00:00]} 2. Nf3 {[%emt 0:00:38]} Nc6 {[%emt 0:00:00]} 3. Bb5 {[%emt 0:00:19]} Nf6 {[%emt 0:00:00]} 4. O-O {[%emt 0:00:12]} Nxe4 {[%emt 0:00:11]} 5. Re1 {[%emt 0:00:18]} Nd6 {[%emt 0:00:26]} 6. Nxe5 {[%emt 0:00:31]} Be7 {[%emt 0:00:14]} 7. Bf1 {[%emt 0:00:23]} Nxe5 {[%emt 0:00:18]} 8. Rxe5 {[%emt 0:00:07]} O-O {[%emt 0:00:04]} 9. Nc3 {[%emt 0:01:34]} Ne8 {[%emt 0:00:16]} 10. Nd5 {[%emt 0:00:47]} Bd6 {[%emt 0:00:17]} 11. Re1 {[%emt 0:00:19]} c6 {[%emt 0:00:18]} 12. Ne3 {[%emt 0:00:18]} Bc7 {[%emt 0:00:37]} 13. Nf5 {[%emt 0:02:34]} d5 {[%emt 0:00:11]} 14. Ne7+ {[%emt 0:00:26]} Kh8 {[%emt 0:00:13]} 15. Nxc8 {[%emt 0:00:14]} Rxc8 {[%emt 0:00:17]} 16. d3 {[%emt 0:02:21]} f5 {[%emt 0:09:24]} 17. Qe2 {[%emt 0:12:12]} Nf6 {[%emt 0:18:33]} 18. Qe7 {[%emt 0:08:03]} Qxe7 {[%emt 0:09:15]} 19. Rxe7 {[%emt 0:00:07]} Rfe8 {[%emt 0:00:12]} 20. Rxe8+ {[%emt 0:07:12]} Rxe8 {[%emt 0:00:12]} 21. Bd2 {[%emt 0:00:22]} 1/2-1/2